One Season TV Shows Quiz Stats

 Plays Quiz not verified by Sporcle

Support Sporcle.
Go Orange.
Score 0/20 Timer 10:00
0 Plays Today
% Correct
The 13 Ghosts of Scooby-Doo
93.8%
The Flash (1990)
87.8%
Dave the Barbarian
77.2%
Firefly
68.4%
Freaks and Geeks
63%
Girlboss
59.7%
Dracula (2013)
54.7%
Terra Nova
53.1%
My So-Called Life
52.4%
The Get Down
36.3%
% Correct
Limitless
32.6%
Constantine
29.3%
Forever
25.2%
Chicago Justice
25%
Flashforward
23.1%
The Enemy Within
21%
Almost Human
20.4%
The Secret Circle
16.4%
The Fix
16.2%
Chambers
10.3%

You're not logged in!

Compare scores with friends on all Sporcle quizzes.
OR
Log In

From the Vault

Three Movies: 'K' Actors

by aquascape

Not a single Kardashian to be found here.
Remove Ads.
Support Sporcle.
Get the best of Sporcle when you Go Orange. This ad-free experience offers more features, more stats, and more fun while also helping to support Sporcle. Thank you for becoming a member.

Show Comments

Extras

Top Quizzes Today


Score Distribution

Your Account Isn't Verified!

In order to create a playlist on Sporcle, you need to verify the email address you used during registration. Go to your Sporcle Settings to finish the process.

Report this User

Report this user for behavior that violates our Community Guidelines.

Details: